Ľudí je čoraz ťažšie nájsť a udržať

Personálna politika potravinárskej spoločnosti I.D.C. Holding. Moderná technológia výroby a zvýšené nároky na kvalifikáciu zamestnancov. Využívanie služieb personálnych agentúr. Otázka miezd v potravinárskej výrobe. Vlastná výchova odborníkov a ich udržanie.

Salvato in:
Dettagli Bibliografici
Autore principale: Gossányi, Vojtech
Natura: Capitolo di libro
Lingua:slovacco
Soggetti:
Tags: Aggiungi Tag
Nessun Tag, puoi essere il primo ad aggiungerne!!

MARC

LEADER 00000naa$a2200000$$$4500
001 0027071
005 20231004125913.4
041 0 |a slo 
044 |a SK 
245 1 0 |a Ľudí je čoraz ťažšie nájsť a udržať  |c Vojtech Gossányi 
520 |a Personálna politika potravinárskej spoločnosti I.D.C. Holding. Moderná technológia výroby a zvýšené nároky na kvalifikáciu zamestnancov. Využívanie služieb personálnych agentúr. Otázka miezd v potravinárskej výrobe. Vlastná výchova odborníkov a ich udržanie. 
610 2 0 |a politika personálna 
610 2 0 |a zdroje ľudské 
610 2 0 |a zamestnanci 
610 2 0 |a kvalifikácia 
610 2 0 |a odbornosť 
610 2 0 |a mzdy 
610 2 0 |a potravinárstvo 
610 2 0 |a I.D.C. Holding 
100 1 |a Gossányi, Vojtech